UBT Library

Legjenda dhe rrëfime për Skënderbeun (Record no. 60924)

000 -LEADER
fixed length control field 00320nam a22001337a 4500
008 - FIXED-LENGTH DATA ELEMENTS--GENERAL INFORMATION
fixed length control field 260324b ||||| |||| 00| 0 eng d
020 ## - INTERNATIONAL STANDARD BOOK NUMBER
International Standard Book Number 9789951059060
041 ## - LANGUAGE CODE
Language code of text/sound track or separate title Shqip
080 ## - UNIVERSAL DECIMAL CLASSIFICATION NUMBER
Universal Decimal Classification number 821.18
100 ## - Rafti
Rafti 25
101 ## - Shkurtesa
Shkurtesa legjenda
245 ## - TITLE STATEMENT
Title Legjenda dhe rrëfime për Skënderbeun
Statement of responsibility, etc Naum Prifti
942 ## - ADDED ENTRY ELEMENTS (KOHA)
Source of classification or shelving scheme
Item type Books
Holdings
Withdrawn status Lost status Source of classification or shelving scheme Damaged status Not for loan Collection code Permanent location Current location Date acquired Total Checkouts Barcode Date last seen Price effective from Koha item type
          Koleksioni i përgjithshem UBT - Lipjan UBT - Lipjan 03/24/2026   003-800070999366 03/24/2026 03/24/2026 Books
          Koleksioni i përgjithshem UBT - Lipjan UBT - Lipjan 03/24/2026   003-800070999367 03/24/2026 03/24/2026 Books
          Koleksioni i përgjithshem UBT - Lipjan UBT - Lipjan 03/24/2026   003-800070999368 03/24/2026 03/24/2026 Books
          Koleksioni i përgjithshem UBT - Lipjan UBT - Lipjan 03/24/2026   003-800070999369 03/24/2026 03/24/2026 Books
          Koleksioni i përgjithshem UBT - Lipjan UBT - Lipjan 03/24/2026   003-800070999370 03/24/2026 03/24/2026 Books
          Koleksioni i përgjithshem UBT - Lipjan UBT - Lipjan 03/24/2026   003-800070999371 03/24/2026 03/24/2026 Books
UBT Library © 2015-2024. All rights reserved University Education for Business and Technology